Normal view
MARC view
- Pennock, J. Roland
Entry Personal Name
001 - CONTROL NUMBER
- control field: 15506
003 - CONTROL NUMBER IDENTIFIER
- control field: OSt
005 - DATE AND TIME OF LATEST TRANSACTION
- control field: 20260206104801.0
008 - FIXED-LENGTH DATA ELEMENTS
- fixed length control field: 260206|| aca||aabn | a|a d
040 ## - CATALOGING SOURCE
- Original cataloging agency: OSt
- Transcribing agency: OSt
100 ## - HEADING--PERSONAL NAME
- Personal name: Pennock, J. Roland
- Fuller form of name: (James Roland)
670 ## - SOURCE DATA FOUND
- Source citation: Work cat.: (OSt)6101: Pennock, J. Roland (James Roland),, Democratic political theory /, c1979.